000 00613nam a22001937a 4500
999 _c41570
_d41570
005 20201103191138.0
008 130913t fr||||| |||| 00| 0 fre d
020 _a2070413373
050 0 4 _aB809.7.A3
_bM47 1955
100 1 _aMerleau-Ponty, Maurice
245 1 4 _aLes Aventures de la Dialectique /
_cMaurice Merleau-ponty
250 _aPrimera Edición: 2000
260 _aFrance :
_bGallimard,
_c1955
300 _a322 paginas,
_c18 X 11 centimetros.
504 _aIncluye: Preface, Epilogue.
600 _aCarlos Marx
_d1818-1883
650 7 _2Lemb
_aFilosofía
_xMaterialismo Historico
942 _2ddc
_cLIB